Statistics for Capitals of the Nordic countries

Click here to take the quiz!

General Stats

  • This quiz has been taken 31 times
  • The average score is 5 of 5

Answer Stats

Capital cityCountry% Correct
OsloNorway
100%
HelsinkiFinland
96%
StockholmSweden
96%
CopenhagenDenmark
93%
ReykjavikIceland
89%

Score Distribution

Percentile by Number Answered

Percent of People with Each Score

Your Score History

You have not taken this quiz